MARC details
| 000 -LEADER |
| fixed length control field |
03733nam a22007575i 4500 |
| 005 - DATE AND TIME OF LATEST TRANSACTION |
| control field |
20230718140327.0 |
| 006 - FIXED-LENGTH DATA ELEMENTS--ADDITIONAL MATERIAL CHARACTERISTICS |
| fixed length control field |
m|||||o||d|||||||| |
| 007 - PHYSICAL DESCRIPTION FIXED FIELD--GENERAL INFORMATION |
| fixed length control field |
cr || |||||||| |
| 008 - FIXED-LENGTH DATA ELEMENTS--GENERAL INFORMATION |
| fixed length control field |
221201t20222022gw fo d z ger d |
| 020 ## - INTERNATIONAL STANDARD BOOK NUMBER |
| International Standard Book Number |
9783839461174 |
| 040 ## - CATALOGING SOURCE |
| Original cataloging agency |
DE-B1597 |
| Language of cataloging |
eng |
| Transcribing agency |
DE-B1597 |
| Description conventions |
rda |
| 041 0# - LANGUAGE CODE |
| Language code of text/sound track or separate title |
ger |
| 050 #4 - LIBRARY OF CONGRESS CALL NUMBER |
| Classification number |
BH301.P78 |
| 082 04 - DEWEY DECIMAL CLASSIFICATION NUMBER |
| Classification number |
111.85 |
| Edition number |
23/eng/20221004 |
| 084 ## - OTHER CLASSIFICATION NUMBER |
| Classification number |
LB 40000 |
| Number source |
rvk |
| -- |
(DE-625)rvk/90549:772 |
| 100 1# - MAIN ENTRY--PERSONAL NAME |
| Personal name |
Maase, Kaspar, |
| Relator term |
author. |
| Relator code |
aut |
| -- |
http://id.loc.gov/vocabulary/relators/aut |
| 245 10 - TITLE STATEMENT |
| Title |
Schönes alltäglich erleben : |
| Remainder of title |
Über die Ästhetisierung der Kultur / |
| Statement of responsibility, etc. |
Kaspar Maase. |
| 264 #1 - PRODUCTION, PUBLICATION, DISTRIBUTION, MANUFACTURE, AND COPYRIGHT NOTICE |
| Place of production, publication, distribution, manufacture |
Bielefeld : |
| Name of producer, publisher, distributor, manufacturer |
transcript Verlag, |
| Date of production, publication, distribution, manufacture, or copyright notice |
[2022] |
| 264 #4 - PRODUCTION, PUBLICATION, DISTRIBUTION, MANUFACTURE, AND COPYRIGHT NOTICE |
| Date of production, publication, distribution, manufacture, or copyright notice |
©2022 |
| 300 ## - PHYSICAL DESCRIPTION |
| Extent |
1 online resource (192 p.) |
| 336 ## - CONTENT TYPE |
| Content type term |
text |
| Content type code |
txt |
| Source |
rdacontent |
| 337 ## - MEDIA TYPE |
| Media type term |
computer |
| Media type code |
c |
| Source |
rdamedia |
| 338 ## - CARRIER TYPE |
| Carrier type term |
online resource |
| Carrier type code |
cr |
| Source |
rdacarrier |
| 347 ## - DIGITAL FILE CHARACTERISTICS |
| File type |
text file |
| Encoding format |
PDF |
| Source |
rda |
| 490 0# - SERIES STATEMENT |
| Series statement |
Edition Kulturwissenschaft ; |
| Volume/sequential designation |
265 |
| 505 00 - FORMATTED CONTENTS NOTE |
| Title |
Frontmatter -- |
| -- |
Inhalt -- |
| -- |
Einleitung -- |
| -- |
1. Der Rahmen: Ästhetisierung des Alltagslebens -- |
| -- |
2. Ästhetisch - Schönes - Kunst: Begriffsklärungen -- |
| -- |
3. Alltäglichkeit, Alltagspraktiken, Alltagsästhetik -- |
| -- |
4. Ästhetisch Erleben - ein Kontinuum -- |
| -- |
5. Dimensionen alltagsästhetischen Erlebens -- |
| -- |
6. Ausblick -- |
| -- |
Literatur -- |
| -- |
Personenregister -- |
| -- |
Sachregister |
| 506 0# - RESTRICTIONS ON ACCESS NOTE |
| Standardized terminology for access restriction |
unrestricted online access |
| Source of term |
star |
| 520 ## - SUMMARY, ETC. |
| Summary, etc. |
Ästhetisierung als das Streben, Schönes zu erleben, hat die Entwicklung der Menschheit vorangetrieben. Heute bestimmt sie als Megatrend den Alltag. In Auseinandersetzung mit dem Ästhetisierungsmodell von Andreas Reckwitz zeichnet Kaspar Maase diese Entwicklung bis in die Gegenwart nach. Welche Rolle spielt dabei die Kunst und die sinnlich anregende Umwelt? Was macht die Alltäglichkeit ästhetischen Erlebens aus, bei der Zerstreuung als Praxis verteilter Aufmerksamkeit dominiert? Und wie verbinden sich Vergnügen und sinnliche Erkenntnis, Fühlen und Wissen, Empfinden und Darüber-Reden? Potenziale und Grenzen heutiger Ästhetisierung werden aus der Perspektive gewöhnlicher Alltagsakteur*innen erörtert. |
| 538 ## - SYSTEM DETAILS NOTE |
| System details note |
Mode of access: Internet via World Wide Web. |
| 540 ## - TERMS GOVERNING USE AND REPRODUCTION NOTE |
| Terms governing use and reproduction |
This eBook is made available Open Access under a CC BY 4.0 license: |
| Uniform Resource Identifier |
<a href="https://creativecommons.org/licenses/by/4.0 ">https://creativecommons.org/licenses/by/4.0 </a> |
| -- |
<a href="https://www.degruyter.com/dg/page/open-access-policy">https://www.degruyter.com/dg/page/open-access-policy</a> |
| 546 ## - LANGUAGE NOTE |
| Language note |
In German. |
| 588 0# - SOURCE OF DESCRIPTION NOTE |
| Source of description note |
Description based on online resource; title from PDF title page (publisher's Web site, viewed 01. Dez 2022) |
| 650 #0 - SUBJECT ADDED ENTRY--TOPICAL TERM |
| Topical term or geographic name entry element |
Aesthetics |
| General subdivision |
Psychological aspects. |
| 650 #4 - SUBJECT ADDED ENTRY--TOPICAL TERM |
| Topical term or geographic name entry element |
Alltag. |
| 650 #4 - SUBJECT ADDED ENTRY--TOPICAL TERM |
| Topical term or geographic name entry element |
Cultural Studies. |
| 650 #4 - SUBJECT ADDED ENTRY--TOPICAL TERM |
| Topical term or geographic name entry element |
Empfinden. |
| 650 #4 - SUBJECT ADDED ENTRY--TOPICAL TERM |
| Topical term or geographic name entry element |
Erleben. |
| 650 #4 - SUBJECT ADDED ENTRY--TOPICAL TERM |
| Topical term or geographic name entry element |
Fühlen. |
| 650 #4 - SUBJECT ADDED ENTRY--TOPICAL TERM |
| Topical term or geographic name entry element |
Kultur. |
| 650 #4 - SUBJECT ADDED ENTRY--TOPICAL TERM |
| Topical term or geographic name entry element |
Kultursoziologie. |
| 650 #4 - SUBJECT ADDED ENTRY--TOPICAL TERM |
| Topical term or geographic name entry element |
Kulturtheorie. |
| 650 #4 - SUBJECT ADDED ENTRY--TOPICAL TERM |
| Topical term or geographic name entry element |
Kulturwissenschaft. |
| 650 #4 - SUBJECT ADDED ENTRY--TOPICAL TERM |
| Topical term or geographic name entry element |
Kunst. |
| 650 #4 - SUBJECT ADDED ENTRY--TOPICAL TERM |
| Topical term or geographic name entry element |
Massenkunst. |
| 650 #4 - SUBJECT ADDED ENTRY--TOPICAL TERM |
| Topical term or geographic name entry element |
Popkultur. |
| 650 #4 - SUBJECT ADDED ENTRY--TOPICAL TERM |
| Topical term or geographic name entry element |
Praxis. |
| 650 #4 - SUBJECT ADDED ENTRY--TOPICAL TERM |
| Topical term or geographic name entry element |
Ästhetisierung. |
| 650 #7 - SUBJECT ADDED ENTRY--TOPICAL TERM |
| Topical term or geographic name entry element |
SOCIAL SCIENCE / Popular Culture. |
| Source of heading or term |
bisacsh |
| 653 ## - INDEX TERM--UNCONTROLLED |
| Uncontrolled term |
Aesthetizication. |
| 653 ## - INDEX TERM--UNCONTROLLED |
| Uncontrolled term |
Art. |
| 653 ## - INDEX TERM--UNCONTROLLED |
| Uncontrolled term |
Cultural Studies. |
| 653 ## - INDEX TERM--UNCONTROLLED |
| Uncontrolled term |
Cultural Theory. |
| 653 ## - INDEX TERM--UNCONTROLLED |
| Uncontrolled term |
Culture. |
| 653 ## - INDEX TERM--UNCONTROLLED |
| Uncontrolled term |
Everyday Life. |
| 653 ## - INDEX TERM--UNCONTROLLED |
| Uncontrolled term |
Experience. |
| 653 ## - INDEX TERM--UNCONTROLLED |
| Uncontrolled term |
Feel. |
| 653 ## - INDEX TERM--UNCONTROLLED |
| Uncontrolled term |
Popular Culture. |
| 653 ## - INDEX TERM--UNCONTROLLED |
| Uncontrolled term |
Practice. |
| 653 ## - INDEX TERM--UNCONTROLLED |
| Uncontrolled term |
Sociology of Culture. |
| 653 ## - INDEX TERM--UNCONTROLLED |
| Uncontrolled term |
V. |
| 776 0# - ADDITIONAL PHYSICAL FORM ENTRY |
| Qualifying information |
print |
| International Standard Book Number |
9783837661170 |
| 856 40 - ELECTRONIC LOCATION AND ACCESS |
| Uniform Resource Identifier |
<a href="https://doi.org/10.1515/9783839461174?locatt=mode:legacy">https://doi.org/10.1515/9783839461174?locatt=mode:legacy</a> |
| Public note |
Open Access |
| -- |
0 |
| 856 40 - ELECTRONIC LOCATION AND ACCESS |
| Uniform Resource Identifier |
<a href="https://www.degruyter.com/isbn/9783839461174">https://www.degruyter.com/isbn/9783839461174</a> |
| Public note |
Open Access |
| -- |
0 |
| 856 42 - ELECTRONIC LOCATION AND ACCESS |
| Materials specified |
Cover |
| Uniform Resource Identifier |
<a href="https://www.degruyter.com/document/cover/isbn/9783839461174/original">https://www.degruyter.com/document/cover/isbn/9783839461174/original</a> |
| 942 ## - ADDED ENTRY ELEMENTS (KOHA) |
| Koha item type |
E-Book |